LEADER 01553nam a2200301 4500 001 000000345872 003 CaOOAMICUS 005 20210507153111.0 008 210507s2020 it 000 u ita r 020 $a978-88-6240-742-7 040 $aSeMil$bita 240 00$aJesus wasn't killed by the Jews :$breflections for christians in lent.$0(OLS)http://semarc/title/435039 245 00$aGesù non fu ucciso dagli Ebrei :$ble radici cristiane dell'antisemitismo /$cJon M. Sweeney (ed.) ; prefazione di Etienne Emmanuel Vetö ; introduzione di Abraham Skorka ; traduzione di Anna Montanari. 264 1$aMilano :$bETS,$c2020. 300 $a205 p. ;$c20 cm 650 4$aAntisemitismo.$0(OLS)http://semarc/subject/1421 650 4$aCristianesimo e ebraismo.$0(OLS)http://semarc/subject/44782 700 1 $aSweeney, Jon M.,$d<1967- >.$0(OLS)http://semarc/name/92273 700 1 $aVetö, Etienne Emmanuel,$d<1964- >.$0(OLS)http://semarc/name/75631 700 1 $aMontanari, Anna.$0(OLS)http://semarc/name/113813 700 1 $aSkorka, Abraham,$c.$0(OLS)http://semarc/name/92336 850 $aSeMil 852 $aSeMil$W1$xVenegono$y1$m2R II 454$j226363$B236920$CSeMilBibl$Z2$F236920 $81 961 $aPerego don Stefano - Omaggio 996 $6020$a978-88-6240-742-7$9(OLS)http://semarc/number/293139 996 $6245$aGesù non fu ucciso dagli Ebrei :$ble radici cristiane dell'antisemitismo$9(OLS)http://semarc/title/435037 996 $6264$aMilano :$bETS$9(OLS)http://semarc/publisher/56442 LEADER 00763nam a2200193 i 4500 001 000000024597 003 CaOOAMICUS 005 20180830125446.0 008 180830s1958 it u000 u ita u 040 $aSeMil$bita 100 1 $aBertin, Léon.$0(OLS)http://semarc/name/10887 245 14$aGli animali e la loro vita /$cLéon Bertin ; ed. italiana riveduta da Paolo Manfredi. 260 $aNovara :$bIstituto Geografico De Agostini,$c1958. 300 $a2 v. ;$c30 cm. 700 1 $aManfredi, Paolo.$0(OLS)http://semarc/name/10888 774 0 $t1.$gVolume1$w()199361 774 0 $t2.$gVolume2$w()199370 996 $6245$aGli animali e la loro vita$9(OLS)http://semarc/title/33075 996 $6260$aNovara :$bIstituto Geografico De Agostini$9(OLS)http://semarc/publisher/31865